| 000 | 00649nam a22002297a 4500 | ||
|---|---|---|---|
| 005 | 20170124105918.0 | ||
| 010 | _a962219 | ||
| 020 | _c00 | ||
| 035 | _a962219 | ||
| 037 | _bCen Lib/Ret | ||
| 040 |
_aDPL _bEN |
||
| 082 |
_a398.095412 _bDUG |
||
| 100 |
_aDuggal, K.S. _9108182 |
||
| 245 |
_aFolk romances of punjab / _cby K. S. Duggal |
||
| 246 | _b | ||
| 260 |
_bMarwah Publications _aNew Delhi _c1979 |
||
| 270 |
_bNew Delhi _aH-39, green park extention _e110016 |
||
| 300 |
_a128p. _c20cm(Hb) |
||
| 650 |
_aFolkl Romances _zPunjab _9108183 |
||
| 650 |
_aLove stories _9108184 |
||
| 942 |
_2ddc _cEN _h398.095412 _mDUG |
||
| 999 |
_c122992 _d122992 |
||